书目信息 |
| 题名: |
海洋生态环境监测技术方法培训教材·化学分册
|
|
| 作者: | 王菊英 , 姚子伟 主编 | |
| 分册: | ||
| 出版信息: | 北京 海洋出版社 2018.09 |
|
| 页数: | 351页 | |
| 开本: | 26cm | |
| 丛书名: | ||
| 单 册: | ||
| 中图分类: | P71 | |
| 科图分类: | ||
| 主题词: | 海洋调查 , 海洋--观测 , 海洋测量 | |
| 电子资源: | ||
| ISBN: | 7-5210-0202-4 | |
| 000 | 00791nam0 2200241 450 | |
| 001 | 2359112741 | |
| 005 | 20230216162736.81 | |
| 010 | @a7-5210-0202-4@dCNY108.00 | |
| 100 | @a20230216d2018 km y0chiy0120 ea | |
| 101 | 0 | @achi |
| 102 | @aCN@b110000 | |
| 102 | @aCN@b110000 | |
| 200 | 1 | @a海洋生态环境监测技术方法培训教材·化学分册@AHai Yang Sheng Tai Huan Jing Jian Ce Ji Shu Fang Fa Pei Xun Jiao Cai·Hua Xue Fen Ce@f王菊英,姚子伟主编@FWang Ju Ying,Yao Zi Wei Zhu Bian |
| 210 | @a北京@c海洋出版社@d2018.09 | |
| 215 | @a351页@d26cm | |
| 606 | 0 | @a海洋调查 |
| 606 | 0 | @a海洋@x观测 |
| 606 | 0 | @a海洋测量 |
| 690 | @aP71@v4 | |
| 701 | 0 | @a王菊英@AWang Ju Ying@4主编 |
| 701 | 0 | @a姚子伟@AYao Zi Wei@4主编 |
| 801 | 0 | @aCN@b大连网信软件有限公司图书馆·11@c20230216 |
| 905 | @aZUCC@dP71@e142 | |
| 海洋生态环境监测技术方法培训教材·化学分册/王菊英,姚子伟主编.-北京:海洋出版社,2018.09 |
| 351页;26cm |
| ISBN 7-5210-0202-4:CNY108.00 |
| ● |
| 相关链接 |
|
|
|
|
正题名:海洋生态环境监测技术方法培训教材·化学分册
索取号:P71/142
 
预约/预借
| 序号 | 登录号 | 条形码 | 馆藏地/架位号 | 状态 | 备注 |
| 1 | 1052679 | 210526796 | 第二样本阅览室/ [索取号:P71/142] | 在馆 |